| 000 | 00824nam a2200241 u 4500 | ||
|---|---|---|---|
| 001 | 000046868 | ||
| 003 | DO-SdBNP | ||
| 005 | 20220606091752.0 | ||
| 007 | ta | ||
| 008 | 100809s2015 dr a r 001 0 spa d | ||
| 020 | _a9789945597035 | ||
| 040 |
_aDO-SdBNP _bspa _cBNPHU |
||
| 082 | 4 | _222 | |
| 100 | 1 |
_aOrtiz Gómez, Altagracia _974817 |
|
| 245 | 1 | 0 |
_aEn cuidados intensivos : _buna visión crítica al sistema de salud dominicano / _cAltagracia Ortiz Gómez. |
| 260 |
_aSanto Domingo : _bAmigo del hogar, _c2015. |
||
| 300 |
_a204 p. ; _c23 cm. |
||
| 500 | _aIncluye índice onomástico y temático. | ||
| 500 | _aIncluye datos biografícos de la autora en la solapa de la cubierta. | ||
| 590 | _aLa biblioteca posee 1 ejemplar autografíado por la autora. | ||
| 590 | _aInventariado, 2018/ YL | ||
| 942 |
_2ddc _cLBS1 |
||
| 999 |
_c46357 _d46357 |
||